| 000 | 00651nam a22002053 4500 | ||
|---|---|---|---|
| 001 | 23408 | ||
| 003 | BD-RjUL | ||
| 005 | 20211209000927.0 | ||
| 008 | 140310r19531937enk 000 0 und d | ||
| 035 | _a(BD-RjUL)23473 | ||
| 040 |
_aEQO _cEQO _beng _dBD-RjUL |
||
| 041 | _aeng | ||
| 082 | 0 | 0 |
_a916 _bSTO V-8 1953 |
| 100 | 1 |
_aStembridge, Jasper H. _q(Jasper Harry), _d1889-1969. _968156 |
|
| 245 | 1 | 4 |
_aThe Oxford geographical note-books for secondary schools / _cJasper H. Stembridge. _nNo. VIII : _pworld |
| 260 |
_aLondon : _c1937 [Reprinted 1953]. _bOxford U.P., |
||
| 300 |
_a56 p. : _bill. ; _c28 cm. |
||
| 650 | 0 |
_aGeography. _972102 |
|
| 942 |
_2ddc _cBK |
||
| 999 |
_c23408 _d23408 |
||